00346nam a2200121Ia 4500008004100000041000800041082001700049100002200066245004500088260005300133300002900186365000900215240624s9999 xx 000 0 und d aeng a658.4092 LAW aLAWRENCE JOANNE T aGLOBALLY RESPONSIBLE LEADERSHIP MANAGING c2013aNew DelhibSage Publications India Pvt Ltd axxiv, : 550p. : cm. ; 24 cb30